Trasa pre turistov k pamätníku položili kvety

Bibliographic Details
Main Author: (F.K.) (Author)
Corporate Author: Turistický oddiel ŠKM (Stará Ľubovňa, Slovensko) (Author)
Format: Article
Language:Slovak
Subjects:

MARC

LEADER 00000nab a2200000 a 4500
001 vtls001031705
003 SK-MaSNL
005 20260303035830.0
008 040720e20030605xo 0 slo
035 |a SL10259 
040 |a SLLK  |b slo  |c SLLK  |e AACR2 
041 0 |a slo 
044 |a xo  |c SK 
080 |a 796.5  |2 1981 
100 0 |a (F.K.)  |4 aut  |9 923657 
245 1 0 |a Trasa pre turistov  |b k pamätníku položili kvety 
610 2 7 |a Turistický oddiel ŠKM (Stará Ľubovňa, Slovensko)  |2 SLLK  |9 1022731 
650 0 7 |a turistika  |2 SLLK  |9 683 
650 0 7 |a pochody turistické  |2 SLLK  |9 1023123 
651 7 |a Kurčínska Magura (Ľubovnianska vrchovina, Slovensko : vrch)  |2 SLLK  |9 59536 
651 7 |a SL,  |2 SLLK  |9 1022390 
655 7 |a periodikum  |2 snkbucl  |9 29553 
710 2 |a Turistický oddiel ŠKM (Stará Ľubovňa, Slovensko)  |4 aut  |9 1022731 
773 0 8 |t Ľubovnianske noviny  |g Roč. 29, č.22, 5.6.2003, s. 3 
852 |a ZVYKNI  |b KIS3GCP 
999 |c 1679080  |d 1681010